| Tag |
First Indicator |
Second Indicator |
Subfields |
| LEADER |
00000cam a2200000 4500 |
| 001 |
in00000067577 |
| 005 |
20151007083809.0 |
| 008 |
741024s1951 nyu b 00000 eng |
| 010 |
|
|
|a 51012390
|
| 035 |
|
|
|a (OCoLC)01051988
|
| 035 |
|
|
|9 AAF9883AM
|
| 040 |
|
|
|a DLC
|c OUN
|d OCL
|d TXA
|d UtOrBLW
|
| 049 |
|
|
|a TXAM
|c 1 [200280]
|c 2 [200281]
|
| 050 |
0 |
0 |
|a HM22.U5
|b O4 1951
|
| 082 |
0 |
|
|a 301/.0973
|
| 092 |
|
|
|a 301
|b O27a
|
| 100 |
1 |
|
|a Odum, Howard Washington,
|d 1884-1954.
|
| 245 |
1 |
0 |
|a American sociology ;
|b the story of sociology in the United States through 1950.
|
| 250 |
|
|
|a [1st ed.].
|
| 264 |
|
1 |
|a New York :
|b Longmans, Green and Co.,
|c 1951.
|
| 300 |
|
|
|a vi, 501 pages :
|b portraits ;
|c 22 cm.
|
| 336 |
|
|
|a text
|b txt
|2 rdacontent
|
| 337 |
|
|
|a unmediated
|b n
|2 rdamedia
|
| 338 |
|
|
|a volume
|b nc
|2 rdacarrier
|
| 504 |
|
|
|a Includes bibliographies.
|
| 650 |
|
0 |
|a Sociology
|x History
|z United States.
|
| 999 |
|
|
|a MARS
|
| 999 |
f |
f |
|s 9d0f1463-e80c-359c-8072-ddf8abf1e9b1
|i 4be3ee1f-dc00-3628-9f8c-fd245f7e316b
|t 0
|
| 952 |
f |
f |
|p ric
|a Texas A&M University
|b Rellis Campus
|c Joint Library Facility
|d Remote Storage
|t 0
|e HM22.U5 O4 1951
|h Library of Congress classification
|i unmediated -- volume
|m A14800633680
|
| 998 |
f |
f |
|a HM22.U5 O4 1951
|t 0
|l Remote Storage
|